|
|
|
|
| LEADER |
01905nam a2200577 4500 |
| 001 |
ocn795631979 |
| 003 |
OCoLC |
| 005 |
20170124071829.1 |
| 006 |
m o d |
| 007 |
cr |n||||||||| |
| 008 |
120202s2012 enk fob 001 0 eng d |
| 040 |
|
|
|a CDX
|b eng
|e pn
|c CDX
|d OCLCQ
|d DG1
|d OCLCQ
|d OCLCF
|d OCLCQ
|d COO
|d OCLCQ
|d DG1
|d GrThAP
|
| 020 |
|
|
|a 9781118180778
|q (electronic bk.)
|
| 020 |
|
|
|a 1118180771
|q (electronic bk.)
|
| 020 |
|
|
|a 0470542780
|
| 020 |
|
|
|a 9780470542781
|
| 020 |
|
|
|a 9781118180747
|
| 020 |
|
|
|a 1118180747
|
| 024 |
8 |
|
|a 9786613622402
|
| 029 |
1 |
|
|a AU@
|b 000049632203
|
| 029 |
1 |
|
|a DEBBG
|b BV041828912
|
| 029 |
1 |
|
|a GBVCP
|b 790037653
|
| 029 |
1 |
|
|a NZ1
|b 15915171
|
| 035 |
|
|
|a (OCoLC)795631979
|
| 037 |
|
|
|a 362240
|b MIL
|
| 050 |
|
4 |
|a RS420
|
| 072 |
|
7 |
|a HEA
|2 eflch
|
| 082 |
0 |
4 |
|a 615.1/9
|2 23
|
| 049 |
|
|
|a MAIN
|
| 245 |
0 |
0 |
|a ADME-enabling technologies for drug design and development /
|c edited by Donglu Zhang, Sekhar Surapaneni.
|
| 264 |
|
1 |
|a Oxford :
|b Wiley-Blackwell,
|c 2012.
|
| 300 |
|
|
|a 1 online resource (640 pages)
|
| 336 |
|
|
|a text
|b txt
|2 rdacontent
|
| 337 |
|
|
|a computer
|b c
|2 rdamedia
|
| 338 |
|
|
|a online resource
|b cr
|2 rdacarrier
|
| 504 |
|
|
|a Includes bibliographical references and index.
|
| 588 |
0 |
|
|a Print version record.
|
| 650 |
|
0 |
|a Drugs
|x Design.
|
| 650 |
|
0 |
|a Drugs
|x Testing.
|
| 650 |
|
0 |
|a Pharmacokinetics.
|
| 650 |
|
0 |
|a Pharmaceutical technology.
|
| 650 |
|
7 |
|a Drugs
|x Design.
|2 fast
|0 (OCoLC)fst00898790
|
| 650 |
|
7 |
|a Drugs
|x Testing.
|2 fast
|0 (OCoLC)fst00898940
|
| 650 |
|
7 |
|a Pharmaceutical technology.
|2 fast
|0 (OCoLC)fst01060211
|
| 650 |
|
7 |
|a Pharmacokinetics.
|2 fast
|0 (OCoLC)fst01060250
|
| 655 |
|
4 |
|a Electronic books.
|
| 700 |
1 |
|
|a Zhang, Donglu.
|
| 700 |
1 |
|
|a Surapaneni, Sekhar.
|
| 776 |
0 |
8 |
|i Print version:
|z 9786613622402
|
| 856 |
4 |
0 |
|u https://doi.org/10.1002/9781118180778
|z Full Text via HEAL-Link
|
| 994 |
|
|
|a 92
|b DG1
|